Trends of Information Service in India (Record no. 76913)

MARC details
000 -LEADER
fixed length control field 00446nam a2200145Ia 4500
008 - FIXED-LENGTH DATA ELEMENTS--GENERAL INFORMATION
fixed length control field 211109s9999||||xx |||||||||||||| ||und||
082 ## - DEWEY DECIMAL CLASSIFICATION NUMBER
Classification number 25.52
Item number GHO-T
100 ## - MAIN ENTRY--PERSONAL NAME
Personal name Ghosh, G B
245 #0 - TITLE STATEMENT
Title Trends of Information Service in India
260 ## - PUBLICATION, DISTRIBUTION, ETC.
Name of publisher, distributor, etc. World Press Private
Place of publication, distribution, etc. Calcutta
Date of publication, distribution, etc. 1974
300 ## - PHYSICAL DESCRIPTION
Extent 286p.
630 ## - SUBJECT ADDED ENTRY--UNIFORM TITLE
General subdivision Library Science Department
650 ## - SUBJECT ADDED ENTRY--TOPICAL TERM
Topical term or geographic name entry element library science
942 ## - ADDED ENTRY ELEMENTS (KOHA)
Koha item type BOOK
650 ## - SUBJECT ADDED ENTRY--TOPICAL TERM
Form subdivision Library operations
General subdivision information servicesLibrary Science
Holdings
Withdrawn status Lost status Source of classification or shelving scheme Damaged status Not for loan Home library Current library Date acquired Cost, normal purchase price Full call number Barcode Shelving location Date last seen Price effective from Koha item type
    Dewey Decimal Classification     SB LIBRARY SB LIBRARY 09/11/2021 40.00 025.52 GHO-T 00061430 LIBRARY SCIENCE COLLECTION 09/11/2021 09/11/2021 BOOK

Powered by Koha